Stacey's mistake / (Record no. 48695)
| 000 -LEADER | |
|---|---|
| fixed length control field | 01167nam a22001575i 4500 |
| 001 - CONTROL NUMBER | |
| control field | 22828513 |
| 020 ## - INTERNATIONAL STANDARD BOOK NUMBER | |
| International Standard Book Number | 9781338616132 |
| Qualifying information | (paperback) |
| 100 1# - MAIN ENTRY--PERSONAL NAME | |
| Personal name | Martin, Ann M., |
| Relator term | author. |
| 245 10 - TITLE STATEMENT | |
| Title | Stacey's mistake / |
| Statement of responsibility, etc | Ann M. Martin,. Ellen T. Crenshaw. |
| 260 ## - PUBLICATION, DISTRIBUTION, ETC. (IMPRINT) | |
| Place of publication, distribution, etc | New York: |
| Name of publisher, distributor, etc | Scholastic; |
| Date of publication, distribution, etc | 2023. |
| 300 ## - PHYSICAL DESCRIPTION | |
| Extent | 153 p. |
| Other physical details | col. ill. |
| Dimensions | 20 cm. |
| 490 0# - SERIES STATEMENT | |
| Series statement | The baby-sitters club graphics; 14 |
| 520 ## - SUMMARY, ETC. | |
| Summary, etc | "Stacey is so excited! Her friends from The Baby-sitters Club are coming to New York City for a long weekend. It's going to be perfect -- a party and a sleepover on Friday night, a big baby-sitting job on Saturday, and lots of sightseeing throughout. But it turns out that the baby-sitters are way out of place in the big city. Mary Anne sounds like a walking guidebook, Dawn is afraid of everything, Kristy can't keep her mouth shut, Claudia is jealous of Laine -- Stacey's New York best friend -- and Mallory and Jessi feel intimidated by Stacey's classmates. With ten kids to baby-sit and a full schedule of activities, how will Stacey keep the weekend from becoming a complete disaster?"-- |
| 700 1# - ADDED ENTRY--PERSONAL NAME | |
| Personal name | Crenshaw, Ellen T., |
| Relator term | illustrator. |
| 9 (RLIN) | 85453 |
| 942 ## - ADDED ENTRY ELEMENTS (KOHA) | |
| Source of classification or shelving scheme | |
| Koha item type | Books/GRAPHICS |
| Withdrawn status | Lost status | Source of classification or shelving scheme | Damaged status | Not for loan | Collection code | Home library | Current library | Shelving location | Date acquired | Total Checkouts | Total Renewals | Full call number | Barcode | Date last seen | Date checked out | Price effective from | Koha item type |
|---|---|---|---|---|---|---|---|---|---|---|---|---|---|---|---|---|---|
| SECONDARY | Asian Hope Secondary Library | Asian Hope Secondary Library | SECONDARY | 03/21/2025 | 9 | 2 | J GRAPHIX MAR BK. 14 | 207516 | 04/21/2026 | 04/07/2026 | 03/21/2025 | Books/GRAPHICS |